Electrical power equipment and measurements: with heavy current electrical applications

Gorde:
Xehetasun bibliografikoak
Egile nagusia: Symonds, Alan (Egilea)
Formatua: Liburua
Hizkuntza:ingelesa
Argitaratua: Londres McGraw-Hill 1980
Edizioa:2a. ed
Gaiak:
Etiketak: Etiketa erantsi
Etiketarik gabe, Izan zaitez lehena erregistro honi etiketa jartzen!

MARC

LEADER 00000nam a2200000 a 4500
001 UCU5315
003 CL-VaPUC
008 960531e19800000UK |||||||||||||||||eng|d
082 0 4 |a 621.37  |b SYM  |2 21 
100 0 |a Symonds, Alan  |e author  |9 363261 
245 1 0 |a Electrical power equipment and measurements: with heavy current electrical applications 
250 |a 2a. ed 
300 |a 290 p 
942 |c BK 
945 |d 19960531 00:00:00  |a paguirre 
260 |a Londres  |b McGraw-Hill  |c 1980 
650 7 |a INSTRUMENTOS DE MEDIDAS ELECTRICAS  |2 CL-VaPUC  |9 356874 
650 7 |a GENERADORES ELECTRICOS  |2 CL-VaPUC  |9 363262 
650 0 |a Motores eléctricos   |9 260085 
650 0 |a Transformadores  |9 345471 
650 7 |a POTENCIA  |2 CL-VaPUC  |9 363263 
583 |a last modification  |c 19960531 00:00:00  |k Rodrigo Vera 
999 |c 248720  |d 248718 
952 |0 0  |1 0  |4 0  |6 621_370000000000000_SYM_1980  |7 0  |8 A  |9 265520  |a BIBING  |b BIBING  |d 2019-11-19  |i 167076K  |o 621.37 SYM 1980  |p 167076K  |r 2025-01-20  |w 2019-11-19  |y BK  |k EIE